แสดงรายละเอียดบรรณานุกรม
  กลับหน้าหลัก

Brief Record : Get Marc (ISO 2709) : E-mail record : QR code ปิดหน้าต่าง
E-books : เกี่ยวกับ Collections
LEADER 00000nam 2200000uu 4500
001    212090
003     ULIBM
008    180619s||||||||th 000 0 tha d
020    ^a9781259641152
040    ^abcnkk
041    ^aeng
060 04 ^aQV4^bK19b 2018
100 1  ^aKatzung, Bertram
245 10 ^aBasic and clinical pharmacology /^cedited by Bertram G.Katzung ; associate editor, Anthony J. Trevor
250    ^a14th ed.
260    ^aNew York :^bMcgraw-Hill,^cc2018
300    ^axi, 1250 p. ;^col. ill. ;^c28 cm.
504    ^aIncludes bibliographical references and index
505 0  ^aBasic principles -- Autonomic drugs -- Cardiovascular-renal drugs -- Drugs with important actions on smoothmuscle -- Drugs that act in the central nervous system --Drugs used to treat diseases of the blood, inflammation, &gout -- Endocrine drugs -- Chemotherapeutic drugs --Toxicology -- Special topics.
650  2 ^aPharmacology
650  2 ^aPharmacology, Clinical
650  2 ^aPharmaceutical Preparations
700 1  ^aKatzung, Bertram G.
700 1  ^aTrevor, Anthony J.
999    ^aใช้งานได้ทุกระบบ
รายการนี้ยังไม่มีแท็ก
คุณยังไม่ได้ล็อกอิน คุณสามารถมีกิจกรรมร่วมกับเว็บไซต์ได้ แต่ต้องล็อกอินก่อน ::
  ล็อกอิน
ลำดับที่ ประเภท เลขเรียก สถานที่ สถานะ
1. วิทยาศาสตร์สุขภาพ
วิทยาศาสตร์สุขภาพ
QV4 K19b 2018 c.1 
  
วิทยาศาสตร์สุขภาพ On Shelf
  ขอยืม
Note:จัดซื้อปีงบ 61
   [แสดง 1/1 รายการ]

รายการใกล้เคียง
    หัวเรื่อง [Pharmacology]
    หัวเรื่อง [Pharmacology, Clinical]
    หัวเรื่อง [Pharmaceutical Preparations]

BibComment


ยังไม่เคยถูกคอมเมนท์

คอมเมนท์ทรัพยากรรายการนี้
  คอมเมนท์: Basic and clinic..
Bib 212090

 
 
 

 Union Library Management : ULibM
Copyright 2026. All Rights Reserved.
скачать бесплатно без регистрации порно красивый секс HD Sex Hindi sex

xxx gou

xxxx

bfxxx

xxxwww

Секса Видео

xxxx

Секса Видео

detube

geilexxx

C99 Shell

worms shell

blod xxx video
Ebony Coed Rihanna Rimes Takes A Dick In Her Young Twat priyaa indian fuck anal and pusssy hardcore indian women xxx desi hardcore fucking part 1 bengalixxxcouple